000 01104cam a2200313 i 4500
001 64485
003 Mx-PuUPA
005 20240410104106.0
008 220603s2002 sp a|||gr|||| 00| 0bspa d
020 _a8424499030539
040 _aMx-PuUPA
_bspa
_erda
_cMx-PuUPA
_dMx-PuUPA
041 1 _aspa
_heng
100 1 _912679
_aJenkins, Roy,
_eautor
240 1 0 _aChurchill.
_lEspañol
245 1 0 _aWinston Churchill.
_nVolumen II /
_cRoy Jenkins ; de la traducción, Carme Camps Monfa
264 1 _a[España] :
_bEdiciones Folio,
_c©2002
300 _a1 volumen (paginación varía) :
_bilustraciones ;
_c21 cm
336 _atexto
_btxt
_2rdacontent
337 _2rdamedia
_asin medio
_bn
338 _2rdacarrier
_avolumen
_bnc
600 1 4 _aChurchill, Winston, 1874-1965
_96405
650 7 _2armarc
_aMinistros
_zGran Bretaña
_vBiografía
651 4 _aGran Bretaña
_xPolítica y gobierno
_ySiglo XX
700 1 _aCamps Monfa, Carme,
_etraductor
765 0 8 _aJenkins, Roy,
_tChurchill.
942 _cLI
_2ddc
_h941.084092
_iC555
999 _c64485
_d64485